000 00299nam a22001337a 4500
008 171123b xxu||||| |||| 00| 0 eng d
020 _a9780133518429
041 _aeng
080 _a 004
100 _a33
101 _aSHK
245 _aOPEN NETWORKING WITH OSI
_cANDRIAN.T
942 _2udc
_cBK
999 _c38342
_d38342